000 00616nam a2200217Ii 4500
003 JO-AjNU
008 230606s9999||||xx |||||||||||||| ||und||
020 _a978-1-606623-437-2
040 _aJO-AjNU
_beng
_erda
_cJO-AjNU
041 _aeng
050 1 4 _aRC489.C63.H36.2010
100 3 _aDobson ,keith ,
_eauthor
_9655
245 0 0 _aHandbook of cognitive Behavioral theraples
250 _a3 ed
264 3 1 _aLondon :GUILFORD PRESS,2010
300 _a480p
336 _atext
_btxt
_2rdacontent
337 _aunmediated
_bn
_2rdamedia
338 _avolume
_bnc
_2rdacarrier
650 4 _a Cognitive therapy. 
_9656
999 _aE346
_c346
_d346